| 000 | 00662 a2200229 4500 | ||
|---|---|---|---|
| 005 | 20260129103240.0 | ||
| 008 | 260128b |||||||| |||| 00| 0 eng d | ||
| 020 |
_a9780815396796 _c£ 42.99 |
||
| 040 | _aMAIN | ||
| 082 |
_a370.15 _bD541P |
||
| 100 | _aDiamond, Elena | ||
| 245 | _aPsychology in the schools: Addressing the learning, behavior, mental health needs of students | ||
| 260 |
_bRoutledge _c2024 _aNew York |
||
| 300 | _aviii, 312 | ||
| 650 | _aEducation | ||
| 650 | _aSchool Psychology | ||
| 650 | _aEducational Psychology | ||
| 700 | _aHart, Shelley R | ||
| 700 | _aGriffiths, Amy Jane | ||
| 700 | _aBrock, Stephen E | ||
| 942 | _cBK | ||
| 999 |
_c394799 _d394799 |
||